| 000 | 00545nam a2200193Ia 4500 | ||
|---|---|---|---|
| 008 | 220216s9999 xx 000 0 und d | ||
| 100 | _aChoudhury M. | ||
| 245 | 0 | _aAvailable nutrient status of the rubber(Hevea brasiliensis) growing soils of Tripura | |
| 260 |
_bIndian Journal of Natural Rubber Research _c2001 |
||
| 300 | _a66-70 | ||
| 650 | _aNutrient status | ||
| 650 | _aRubber growing soil | ||
| 650 | _aTripura | ||
| 700 | _aChakraborty S.K. | ||
| 700 | _aDey S.K. | ||
| 700 | _aPal T.K. | ||
| 700 | _aSarma A.C. | ||
| 942 | _cBS | ||
| 999 |
_c51613 _d51613 |
||